Marvel ou DC? - II - Statistics

Estatísticas Gerais
  • Esse quiz foi jogado 647 vezes
  • A pontuação média é 15 de 15
Estatísticas das Respostas
Questão Resposta % Correto
Thanos
100%
Hulk - Bruce Banner
99%
(The) Flash - Barry Allen
99%
Doutor Estranho (Doctor Strange) - Stephen Strange
99%
Feiticeira Escarlate (Scarlet Witch) - Wanda Maximoff
99%
Pinguim (The Penguim) - Oswald Cobblepot
99%
Mulher Maravilha (Wonder Woman) - Princesa Diana de Themyscira
98%
Ciborgue (Cyborg) - Victor Stone
98%
Arlequina (Harley Quinn) - Harleen Quinzel
97%
Lex Luthor
96%
Deadpool - Wade Wilson
96%
Arqueiro Verde (Green Arrow) - Oliver Queen
95%
Duende Verde (Green Goblin) - Norman Osborn
94%
Adão Negro (Black Adam)
92%
Motoqueiro Fantasma (Ghost Rider) - Johnny Blaze
90%
Nenhum quiz correspondente encontrado
Distribuição das Pontuações
Porcentagem de Pessoas com Cada Pontuação
Percentil de Números Respondidos
Sua Pontuação Histórica
Você não jogou esse quiz